00758cam a22002291 45000010008000000030004000080050017000120080041000290100017000700350019000870400018001060420012001240500009001360820016001451100054001612450160002152600022003753000026003976100054004236100034004777000017005119852977OSt20230623081519.0790320s1960 at a s000 0 eng  a 63041093  a(OCoLC)4756504 aDLCcWvUdDLC apremarc00a b  a328.94bCHA1 aSouth Australia.bParliament.bHouse of Assembly.04aThe Parliament of South Australia;ban outline of its history, its proceedings, and its buildings.cPrepared by G.D. Combe, clerk of the House of Assembly. a[Adelaide]c1960. a38 p.billus.c22 cm.10aSouth Australia.bParliament.bHouse of Assembly.10aSouth Australia.bParliament.1 aCombe, G. D.